Microsoft Office 2003: The complete Reference (Record no. 149)

MARC details
000 -LEADER
fixed length control field 00468nam a22001697a 4500
005 - DATE AND TIME OF LATEST TRANSACTION
control field 20180206124621.0
008 - FIXED-LENGTH DATA ELEMENTS--GENERAL INFORMATION
fixed length control field 160428b xxu||||| |||| 00| 0 eng d
020 ## - INTERNATIONAL STANDARD BOOK NUMBER
ISBN 0-07-0582998
041 ## - LANGUAGE CODE
Language code of text/sound track or separate title eng
082 ## - DEWEY DECIMAL CLASSIFICATION NUMBER
Item number 00512
Classification number 005.36
100 ## - MAIN ENTRY--AUTHOR NAME
Personal name Kettal, Jenni fer Ackerman and others
245 ## - TITLE STATEMENT
Title Microsoft Office 2003: The complete Reference
260 ## - PUBLICATION, DISTRIBUTION, ETC. (IMPRINT)
Place of publication New Delhi
Name of publisher TMH Publ.co.Ltd.
Year of publication 2003
300 ## - PHYSICAL DESCRIPTION
Number of Pages 874
650 ## - SUBJECT ADDED ENTRY--TOPICAL TERM
Topical Term Information Technology
942 ## - ADDED ENTRY ELEMENTS (KOHA)
Koha item type Books
Holdings
Lost status Damaged status Collection code Home library Current library Shelving location Date acquired Full call number Accession Number Koha item type
    CS/IT JRU Library JRU Library SHELF-75-L 28/04/2016 00512 00512 Books
    CS/IT JRU Library JRU Library SHELF-75-L 28/04/2016 00512 00513 Books